Team USA Basketball JO 2024 - Statistiques

Statistiques générales
  • Ce quiz a été pris 231 fois
  • Le résultat moyen est 10 sur 16
Statistiques - réponses
Postes Joueurs % Correct
Ailier Lebron James
99%
Arrière Stephen Curry
98%
Ailier Kevin Durant
91%
Ailier Jayson Tatum
77%
Intérieur Joel Embiid
76%
Coach Steve Kerr
70%
Arrière Tyrese Haliburton
70%
Arrière Anthony Edwards
69%
Intérieur Bam Adebayo
66%
Intérieur Anthony Davis
62%
Arrière Devin Booker
57%
Arrière Jrue Holiday
46%
Arrière Derrick White
43%
Assistant Coach Erik Spoelstra
24%
Assistant Coach Tyronn Lue
6%
Assistant Coach Mark Few
1%
Aucun quiz correspondant
Distribution des résultats
% des personnes avec chaque résultat
Percentile par nombre de réponses
Votre historique - résultats
Vous n’avez pas pris ce quiz